000 00246nam a2200109Ia 4500
008 240625s9999 xx 000 0 und d
041 _aeng
082 _a332.63 PIN
100 _aPINTO JERALD E
245 _aEQUITY ASSET VALUATION
260 _c2014
999 _c38258
_d38258